|
|
|
|
| LEADER |
00000nab a2200000 a 4500 |
| 001 |
vtls001441088 |
| 003 |
SK-MaSNL |
| 005 |
20260303080601.0 |
| 008 |
020919sm y0sloyxo 0 slo |
| 015 |
|
|
|a BIOBB2002/02-00436
|
| 035 |
|
|
|a SNK000396269
|
| 040 |
|
|
|a SNK
|b slo
|c SNK
|e AACR2
|
| 041 |
0 |
|
|a slo
|
| 044 |
|
|
|a xo
|c SK
|
| 245 |
0 |
0 |
|a Kto bol Majster Pavol z Levoče
|c Ivan Chalupecký
|
| 520 |
|
|
|a V Levoči žil pravdepodobne od r.1506. Vtedy bol prijatý do levočského spolku Bratstva Božieho Tela. Mal syna a tri dcéry. Rezbár, autor drevených plastík a oltárov
|
| 600 |
0 |
7 |
|a Pavol z Levoče,
|d činný 15.-16. storočie
|2 SNK
|9 185330
|
| 655 |
|
7 |
|a články zo zborníkov
|2 SNK
|9 166140
|
| 774 |
0 |
|
|w SK01SNK20020391976
|z ISBN 80-85167-12-3
|t Pohľady do minulosti
|d Levoča : Spišské múzeum : Kultúrne a informačné centrum, 2001
|g S.83-90
|
| 850 |
|
|
|a Slovenská národná knižnica v Martine
|
| 971 |
|
|
|e ?14600000
|f ?15420000
|i rezbár
|
| 975 |
|
|
|f ?15600000
|j Messinsloher-Polirerová
|k manželka
|
| 975 |
|
|
|b Margita
|e ?15200000
|k dcéra
|
| 975 |
|
|
|a Helnerová
|b Dorota
|f ?15820000
|k dcéra
|
| 975 |
|
|
|a Schewernerová
|e ?15200000
|k dcéra
|
| 975 |
|
|
|b Lukáš
|k syn
|
| 999 |
|
|
|c 1781055
|d 1782985
|